000 00441nam a2200169Ia 4500
001 61586
008 170303n2016 ii |||gr||||Z||||||465
082 _a591.1
100 _aJordan, E L,
_eAuthor.
245 0 _aChordate zoology
_cby E L Jordan
_hTextual Documents
250 _a1st ed.
260 _aNew Delhi
_bS Chand & Co
_c2016
300 _a1078p:
_c23cm.
653 _aBiotchnology
653 _aDeptt- Biotechnology
942 _2ddc
_cBK
999 _c62695
_d62695